| 000 | 00390nam a22000857a 4500 | ||
|---|---|---|---|
| 008 | 160312b xxu||||| |||| 00| 0 eng d | ||
| 100 | _aFacit Forlag AB | ||
| 245 | _aFACIT Special 2013 | ||
| 650 | _aSweden | Norway | Denmark | Faroe Islands | Greenland | Danish West Indies | Danish Colonies | Iceland | Finland | Aland Islands | Scandinavia | Catalogs and Price Lists | Postal Stationery | Revenues | ||
| 999 |
_c1819 _d1819 |
||